Quizzes
Events
Quiz Creation
Community
Videos
Private Events
Remove Ads
Sign In
Join for FREE
Feedback
Dark Mode
Quiz Categories
Sports
Geography
Music
Movies
Television
Just For Fun
Miscellaneous
History
Literature
Language
Science
Gaming
Entertainment
Religion
Holiday
For Kids
Quiz Lab
Recent
Popular Today
Quiz Kudos Today
Editor Picks
Curator Picks
Quizzes by...
Day
Popularity
Type
Ratings
Length
Year
Community
Subscriptions
Recent Discussions
Orange Saloon
Badges
Playlists
Quests
Create
Leaderboards
Showdown
Live 5
Trivia Bingo
Activity
Puzzle Library
Sporcle Events
Private Events
Virtual Trivia
Globe League
Become a Host
Pub Owners
SporcleCon
Opinionation
Our Games
Videos
Blog
Mobile Apps
Partnerships
Remove Ads and Go Orange
Feedback
Sports
Athletes
MLB
NBA
NHL
NFL
Soccer
Sports Teams
WWE
NCAA
Football
Premier League
Basketball
Baseball
Hockey
Golf
Tennis
Cricket
Rugby
Auto Racing
Olympics
World Cup
Sports
Athletes
MLB
NBA
NHL
NFL
Soccer
Sports Teams
WWE
NCAA
Football
Premier League
Basketball
Baseball
Hockey
Golf
Tennis
Cricket
Rugby
Auto Racing
Olympics
World Cup
Random Quiz
Search Sporcle
×
Quiz Lab
Quiz Lab
Sports
FIFA
Type in answers that appear in a list
Type in answers that appear in a list
Classic
Best Score? Go Orange.
Name the top 50 Fifa 18 Players Stats
Can you name the top 50 Fifa 18 Players?
By
premiumtop5s
6m
50 Questions
120 Plays
120 Plays
120 Plays
Comments
Comments
Give Quiz Kudos
Give Quiz Kudos
-
- Ratings
hide this ad
Replay
Link that replays current quiz
Next Quiz
Link to next quiz in quiz playlist
You Got
0%
They Got
Avg Score
82%
Avg Friend Score
Upgrade to see
Score Distribution
Jump to the score distribution portion of the page
Score
0/50
Timer
06:00
0
Plays Today
Hint
Answer
% Correct
94 Real Madrid LW
Cristiano Ronaldo
99.2%
93 Barcelona RW
Lionel Messi
99.2%
92 Barcelona ST
Luis Suarez
96.7%
92 PSG LW
Neymar JR
96.7%
92 Bayern Munich GK
Manuel Neuer
95.8%
90 Man United GK
David De Gea
92.5%
90 Chelsea LW
Eden Hazard
91.7%
91 Bayern Munich ST
Robert Lewandowski
90.8%
89 Man City ST
Sergio Aguero
90.8%
90 Juventus ST
Gonzalo Higuain
90%
88 Arsenal CAM
Mesut Ozil
89.2%
90 Real Madrid CB
Sergio Ramos
88.3%
89 Real Madrid CM
Luka Modric
88.3%
87 Man City CAM
David Silva
88.3%
90 Real Madrid CM
Toni Kroos
87.5%
89 Juventus GK
Gianluigi Buffon
87.5%
89 Real Madrid RW
Gareth Bale
87.5%
88 Bayern Munich RM
Arjen Robben
87.5%
88 PSG CB
Thiago Silva
85.8%
88 Man United ST
Zlatan Ibrahimovic
85%
87 PSG ST
Edinson Cavani
85%
89 Chelsea GK
Thibaut Courtois
84.2%
89 Arsenal LM
Alexis Sanchez
84.2%
88 Tottenham GK
Hugo Lloris
84.2%
86 Bayern Munich CF
Thomas Muller
84.2%
Hint
Answer
% Correct
89 Man City CAM
Kevin De Bruyne
83.3%
88 Juventus CAM
Paulo Dybala
83.3%
88 Atletico Madrid ST
Antoine Griezmann
83.3%
87 Man United CM
Paul Pogba
83.3%
86 Man United ST
Romelu Lukaku
83.3%
87 Real Madrid LB
Marcelo
82.5%
89 Juventus CB
Giorgio Chiellini
80.8%
88 Bayern Munich CB
Mats Hummels
80.8%
88 Bayern Munich CB
Jerome Boateng
80.8%
87 Barcelona CB
Gerard Pique
80.8%
87 Barcelona CM
Andres Iniesta
80%
88 Atletico Madrid GK
Jan Oblak
79.2%
87 Chelsea CDM
N'Golo Kante
76.7%
88 Borussia Dortmund ST
Pierre-Emerick Aubameyang
74.2%
88 Atletico Madrid CB
Diego Godin
74.2%
88 AC Milan CB
Leonardo Bonucci
72.5%
88 Bayern Munich CM
Thiago
71.7%
87 Tottenham CAM
Christian Eriksen
71.7%
87 Bayern Munich CM
Arturo Vidal
67.5%
87 Barcelona CM
Ivan Rakitic
66.7%
87 Napoli CM
Marek Hamsik
65.8%
87 Inter Milan GK
Samir Handanovic
65%
87 PSG CM
Marco Verratti
65%
86 Napoli CF
Dries Mertens
65%
86 Roma CM
Radja Nainggolan
50.8%
Quiz Playlist
Details
Report
Send in Message
Add To Playlist
Classic:
Type in answers that appear in a list
Last Updated: Sep 12, 2017
Quiz Scoreboard
CHALLENGE
Sign Up to Join the Scoreboard
Show All
Scores
Hide
Comments
May contain spoilers
Recently Published
Presidents Visiting Landmarks
by Hejman
History
7m
An Introduction to Baseball
by treessimontrees
Sports
5m
Movies - When Are They Set?
by FPL_Elf
Movies
5m
More to Explore
Quiz From the Vault
Featured Blog Post
Where Did the Easter Bunny Come From?
hide this ad
You Might Also Like...
Tags
FIFA
Player
Today's Top Quizzes in Sports
Browse Sports
hide this ad
Today's Top Quizzes in FIFA
Browse FIFA
Top Contributed Quizzes in Sports
1
Les meilleurs buteurs des matchs entre le PSG et l’OM
2
2022 World Cup Stars
3
FIFA Club World Cup Champions
4
Les entraîneurs de l'OM et du PSG au 21e siècle
5
Name the Premier League winners with different clubs
6
La finale Lions - Afrique du Sud 2021
7
5-to-1: UK Sports Teams
8
England Test cricketers to play under Nasser Hussain
9
Players with Multiple 50 Home Run Seasons
10
AFC Teams Reveal (Wrong Answers Minefield)
Explore More
Trending Topics
Disney
Kpop
Harry Potter
Crossword
Marvel
Anime
NBA
Song
Soccer
Pokémon
Puzzle
The Office
WWE
NFL
Country
hide this ad
More By:
premiumtop5s
Quiz
Plays
Rating
Category
Featured
Created
Top 100 Fifa 20 Players
1,010
5.00
Sports
Sep 9, 2019
Fifa 20 Top 50 Premier League Players
994
5.00
Sports
Sep 14, 2019
Guess the WWE Superstars in 3 words
929
4.00
Sports
Dec 28, 2016
Fifa 20 Top 50 Serie A Players
789
5.00
Sports
Sep 14, 2019
Guess the WWE Superstars in 3 words #3
735
4.33
Sports
Sep 2, 2017
Go to Creator's Profile
Score Distribution
Quiz Creator Spotlight
premiumtop5s
Follow
Send a Message
Quizzes Created
-
Created Quiz Play Count
-
More By This Creator
Popular Quizzes Today
1
Find the US States - No Outlines Minefield
2
Find the Countries of Europe - No Outlines Minefield
3
The Countries of the World
4
Find the US States
5
Popular People in 1961
6
US States
7
Risky Map Clicking: Biggest States A-Z
8
Movies - When Are They Set?
More Sports Quizzes
Top 25 French Scorers in Premier League
Quiz Lab
Trending Quizzes
Risky Map Clicking: Least Populous States A-Z
1-10 Letter G Words
1-10 Letter F Words
Risky Map Clicking: Next State Alphabetically
Risky Map Clicking: Biggest States A-Z
Recently Updated
Leaping Animals
pecheneg
Reality TV Shows (A-Z)
bhenderson79
Rickey Henderson's Hall of Fame Teammates
pecheneg
Champions League XIs: Arsenal
pecheneg
Quick Pick: Celebrities in WWE's Hall of Fame
aduchscher
A-Z Keypad Blitz II
pecheneg
Multiple Oscar Actors
pecheneg
Mystery Phrase Blitz: Oscar 'Best Actors'
pecheneg
F. Scott Fitzgerald Novels
LTH
Pick 3 Villains
ddd62291
Trending Topics
NBA
Anime
Crossword
Kpop
Disney
Marvel
Harry Potter
WWE
Song
Puzzle
Pokémon
The Office
NFL
Soccer
Country
Your Account Isn't Verified!
In order to create a playlist on Sporcle, you need to verify the email address you used during registration. Go to your
Sporcle Settings
to finish the process.
Report this User
Report this user for behavior that violates our
Community Guidelines
.
Details:
Send Report
Go to the Sporcle.com Mobile Site →
Comments